Derecho para el emprendimiento y los negocios: los aspectos legales que un empresario debe conocer para generar ventajas competitivas

Spremljeno u:
Bibliografski detalji
Glavni autor: Saieh Mena, Cristián (Autor)
Format: Knjiga
Jezik:španjolski
Izdano: Santiago Universidad Católica de Chile 2010
Teme:
Oznake: Dodaj oznaku
Bez oznaka, Budi prvi tko označuje ovaj zapis!

MARC

LEADER 00000nam a2200000 a 4500
001 UCG3956
003 CL-VaPUC
008 101004e20100800CL |||||||||||||||||spa|d
020 |a 9789561411319 
082 0 4 |a 346.065  |b SAI  |2 21 
100 0 |a Saieh Mena, Cristián  |e author  |9 553261 
245 1 0 |a Derecho para el emprendimiento y los negocios: los aspectos legales que un empresario debe conocer para generar ventajas competitivas 
300 |a 270 p 
942 |c BK 
945 |d 20101004 00:00:00  |a mfarfan 
260 |a Santiago  |b Universidad Católica de Chile  |c 2010 
650 0 |a Empresas   |9 255569 
650 0 |a Derecho privado  |9 258243 
650 0 |a Emprendimiento  |9 553262 
650 0 |a Negocios  |9 262468 
583 |a last modification  |c 20101004 00:00:00  |k Rodrigo Vera 
999 |c 342886  |d 342884 
952 |0 0  |1 0  |4 0  |6 346_065000000000000_SAI_2010  |7 0  |8 A  |9 439574  |a BIBENE  |b BIBENE  |d 2019-11-22  |i 4721926  |l 1  |o 346.065 SAI 2010  |p 4721926  |r 2025-01-15  |s 2023-07-12  |w 2019-11-22  |y BK  |k ICO 
952 |0 0  |1 0  |4 0  |6 346_065000000000000_SAI_2010  |7 0  |8 A  |9 439575  |a BIBDER  |b BIBDER  |d 2019-11-22  |i 4727177  |l 2  |o 346.065 SAI 2010  |p 4727177  |r 2024-05-15  |s 2024-05-09  |w 2019-11-22  |y BK  |k DER